Ťažiskové atribúty medzinárodného štandardu ISO 26000 - návod na spoločenskú zodpovednosť
Chápanie spoločenskej zodpovednosti v zmysle štandardu ISO 26000. Existujúce normy aplikované v oblasti zodpovedného podnikania. Fungovanie zodpovedného podnikania v súčasnosti. Pripomienky za Slovenskú republiku k DIS ISO 26000. Perspektíva ďalšieho postup finalizácie návrhu FDIS ISO 26000.
Enregistré dans:
| Auteur principal: | |
|---|---|
| Autres auteurs: | |
| Format: | Chapitre de livre |
| Langue: | slovaque |
| Sujets: | |
| Tags: |
Pas de tags, Soyez le premier à ajouter un tag!
|
MARC
| LEADER | 00000nla$a2200000$$$4500 | ||
|---|---|---|---|
| 001 | 0120122 | ||
| 005 | 20240502072338.1 | ||
| 041 | 0 | |a slo | |
| 044 | |a SK | ||
| 245 | 1 | 0 | |a Ťažiskové atribúty medzinárodného štandardu ISO 26000 - návod na spoločenskú zodpovednosť |c Gabriela Dubcová, Alžbeta Foltínová |
| 520 | |a Chápanie spoločenskej zodpovednosti v zmysle štandardu ISO 26000. Existujúce normy aplikované v oblasti zodpovedného podnikania. Fungovanie zodpovedného podnikania v súčasnosti. Pripomienky za Slovenskú republiku k DIS ISO 26000. Perspektíva ďalšieho postup finalizácie návrhu FDIS ISO 26000. | ||
| 610 | 2 | 0 | |a manažment strategický |
| 610 | 2 | 0 | |a podnikanie zodpovedné |
| 610 | 2 | 0 | |a nástroje riadenia |
| 610 | 2 | 0 | |a metódy riadenia |
| 610 | 2 | 0 | |a štandardy |
| 610 | 2 | 0 | |a normy ISO |
| 610 | 2 | 0 | |a benchmarking |
| 610 | 2 | 0 | |a audit etický |
| 610 | 2 | 0 | |a etika podnikateľská |
| 610 | 2 | 0 | |a zodpovednosť spoločenská |
| 100 | 1 | |a Dubcová, Gabriela, 1968- | |
| 700 | 1 | |a Foltínová, Alžbeta | |